|
|
|
|
| LEADER |
00842cam a2200229 a 4500 |
| 001 |
4977 |
| 003 |
BD-DhAAL |
| 005 |
20131123115121.0 |
| 008 |
131123s1992 bg a b 001 0 eng |
| 040 |
|
|
|a BD-DhAAL
|c BD-DhAAL
|
| 082 |
0 |
0 |
|a 639.8
|2 21
|
| 100 |
1 |
|
|a Rahman, M. Shahidur
|9 3561
|
| 245 |
1 |
0 |
|a Water quality management in aquaculture /
|c M. Shahidur Rahman
|
| 260 |
|
|
|a Dhaka :
|b BRAC Prokashana,
|c c1992.
|
| 300 |
|
|
|a vii, 84 p. :
|b ill. ;
|c 22 cm.
|
| 504 |
|
|
|a Includes bibliographical references (p. [73]-76) and index.
|
| 541 |
|
|
|e 4977
|
| 650 |
|
0 |
|a Pond aquaculture.
|9 3562
|
| 650 |
|
0 |
|a Water quality management.
|9 1866
|
| 942 |
|
|
|2 ddc
|c BK
|
| 999 |
|
|
|c 14100
|d 14100
|
| 952 |
|
|
|0 0
|1 0
|2 ddc
|4 0
|6 639_800000000000000_RAH
|7 0
|9 23723
|a BRACUL
|b BRACUL
|c GEN
|d 2013-11-23
|g 0.00
|l 0
|o 639.8 RAH
|p 3010004977
|r 2013-11-23
|t 1
|w 2013-11-23
|y BK
|z Not price in Register
|